<?xml version="1.0" encoding="UTF-8"?>
<record
    xmlns:xsi="http://www.w3.org/2001/XMLSchema-instance"
    xsi:schemaLocation="http://www.loc.gov/MARC21/slim http://www.loc.gov/standards/marcxml/schema/MARC21slim.xsd"
    xmlns="http://www.loc.gov/MARC21/slim">

  <leader>01622    a2200205   4500</leader>
  <controlfield tag="001">37399</controlfield>
  <controlfield tag="005">20260407155642.0</controlfield>
  <controlfield tag="008">260407a1957    arg                 spa d</controlfield>
  <controlfield tag="003">AR-UNSa-BCEJYS</controlfield>
  <datafield tag="040" ind1=" " ind2=" ">
    <subfield code="a">AR-UNSa-BCEJYS</subfield>
    <subfield code="b">spa</subfield>
    <subfield code="c">AR-UNSa-BCEJYS</subfield>
  </datafield>
  <datafield tag="080" ind1=" " ind2=" ">
    <subfield code="a">658.53</subfield>
    <subfield code="x">Rendimiento y tiempos en el proceso de producci&#xF3;n
</subfield>
  </datafield>
  <datafield tag="245" ind1="1" ind2="0">
    <subfield code="a">Estudio de tiempos y econom&#xED;a de movimientos</subfield>
  </datafield>
  <datafield tag="264" ind1=" " ind2="1">
    <subfield code="a">Buenos Aires :</subfield>
    <subfield code="b">Ediciones Contabilidad Moderna</subfield>
    <subfield code="c">1957</subfield>
  </datafield>
  <datafield tag="300" ind1=" " ind2=" ">
    <subfield code="a">428 p.</subfield>
    <subfield code="c">24 cm.</subfield>
  </datafield>
  <datafield tag="505" ind1=" " ind2=" ">
    <subfield code="a">1. Problemas psicologicos que plantea el progreso en los m&#xE9;todos - 2. An&#xE1;lisis de operaciones - 3. Gr&#xE1;ficos y diagramas de proceso - 4. Gr&#xE1;ficos de proceso de ambas manos - 5. C&#xF3;mo producir m&#xE1;s con menor esfuerzo - 6. Planes de sugestiones - 7. Programa de an&#xE1;lisis - 8. Principios b&#xE1;sicoa del estudio de tiempos - 9. Equipo empleado para realizar cronometrajes - 10. Desarrollo de un estudio de tiempos - 11. Terminolog&#xED;a - 12. Ajustamiento - 13. Ajustamiento sint&#xE9;tico - 14. La fatiga en la industria - 15. Estudio de las interrupciones del trabajo - 16. Estudio sint&#xE9;tico de las interrupciones - 17. C&#xF3;mputos finales de los estudios de tiempos - 18. Tiempos precalculados - 19. Organizaci&#xF3;n de la oficina de estudio de tiempos - 20. La cooperaci&#xF3;n entre la empresa, su personal y los sindicatos obreros - 21. La producci&#xF3;n en serie y los estudios de tiempos - 22. Distribuci&#xF3;n de tareas en industrias automatizadas - 23. Velocidades de corte y avance para el trabajo de metales</subfield>
  </datafield>
  <datafield tag="942" ind1=" " ind2=" ">
    <subfield code="c">BK</subfield>
  </datafield>
  <datafield tag="590" ind1=" " ind2=" ">
    <subfield code="a">niveau_biblio:m niveau_hierar:0</subfield>
  </datafield>
  <datafield tag="100" ind1="1" ind2=" ">
    <subfield code="a">Raimondi, Carlos A.</subfield>
  </datafield>
  <datafield tag="700" ind1="1" ind2=" ">
    <subfield code="a">Morrow, Robert Lee</subfield>
  </datafield>
  <datafield tag="999" ind1=" " ind2=" ">
    <subfield code="c">2750</subfield>
    <subfield code="d">2750</subfield>
  </datafield>
  <datafield tag="952" ind1=" " ind2=" ">
    <subfield code="0">0</subfield>
    <subfield code="1">0</subfield>
    <subfield code="4">0</subfield>
    <subfield code="7">0</subfield>
    <subfield code="a">BCEJYS</subfield>
    <subfield code="b">BCEJYS</subfield>
    <subfield code="c">16</subfield>
    <subfield code="d">2026-04-07</subfield>
    <subfield code="l">0</subfield>
    <subfield code="o">658.53 M872</subfield>
    <subfield code="p">L22927</subfield>
    <subfield code="r">2026-04-07 15:56:42</subfield>
    <subfield code="w">2026-04-07</subfield>
    <subfield code="y">L</subfield>
  </datafield>
</record>
